Social Studies 8 - Map Quiz Final! - Statistics

General Stats
  • This quiz has been taken 460 times
  • The average score is 33 of 49
Answers on the Map
Answers color-coded by a green-red scale on the quiz's map according to % correct below.
 
Answer Stats
Answer % Correct
United States
92%
Russia
88%
South Africa
84%
Panama
82%
United Kingdom
82%
Canada
81%
Brazil
77%
Egypt
76%
New Zealand
76%
Greece
74%
Mexico
73%
Turkey
73%
Argentina
72%
China
72%
Chile
71%
Australia
70%
Germany
70%
Morocco
70%
South Korea
70%
Japan
69%
Philippines
69%
India
67%
Italy
67%
Cuba
64%
Iran
64%
Sudan
64%
Ukraine
64%
Indonesia
63%
Ireland
63%
Colombia
62%
Saudi Arabia
62%
Somalia
62%
Spain
62%
Iraq
60%
Nepal
60%
Netherlands
60%
Venezuela
60%
France
59%
Poland
59%
United Arab Emirates
59%
Thailand
58%
Vietnam
58%
Israel
57%
Nigeria
57%
Ethiopia
53%
Afghanistan
51%
Kenya
51%
Syria
51%
Singapore
48%
No matching quizzes found
Score Distribution
Percent of People with Each Score
Percentile by Number Answered
Your Score History
You have not taken this quiz